<?xml version="1.0" encoding="UTF-8"?>
<record
    xmlns:xsi="http://www.w3.org/2001/XMLSchema-instance"
    xsi:schemaLocation="http://www.loc.gov/MARC21/slim http://www.loc.gov/standards/marcxml/schema/MARC21slim.xsd"
    xmlns="http://www.loc.gov/MARC21/slim">

  <leader>00967nam a22002297a 4500</leader>
  <datafield tag="999" ind1=" " ind2=" ">
    <subfield code="c">62633</subfield>
    <subfield code="d">62633</subfield>
  </datafield>
  <controlfield tag="005">20240530110559.0</controlfield>
  <controlfield tag="008">160904s2009    au a   f      000 0 ara d</controlfield>
  <datafield tag="017" ind1=" " ind2=" ">
    <subfield code="a">11020/2009</subfield>
    <subfield code="b">&#x645;&#x635;&#x631; . &#x62F;&#x627;&#x631; &#x627;&#x644;&#x643;&#x62A;&#x628; &#x627;&#x644;&#x645;&#x635;&#x631;&#x64A;&#x629;</subfield>
  </datafield>
  <datafield tag="020" ind1=" " ind2=" ">
    <subfield code="a">9789772719111</subfield>
  </datafield>
  <datafield tag="040" ind1=" " ind2=" ">
    <subfield code="a">EG-CaGPL</subfield>
  </datafield>
  <datafield tag="082" ind1="0" ind2="4">
    <subfield code="2">21</subfield>
    <subfield code="a">741.507\</subfield>
    <subfield code="b">&#x623; &#x645;</subfield>
  </datafield>
  <datafield tag="100" ind1="0" ind2=" ">
    <subfield code="a">&#x627;&#x628;&#x631;&#x627;&#x647;&#x64A;&#x645; &#x645;&#x631;&#x632;&#x648;&#x642; .</subfield>
  </datafield>
  <datafield tag="245" ind1="1" ind2="0">
    <subfield code="a">&#x645;&#x648;&#x633;&#x648;&#x639;&#x629; &#x62A;&#x639;&#x644;&#x64A;&#x645; &#x631;&#x633;&#x645; &#x627;&#x644;&#x643;&#x627;&#x631;&#x64A;&#x643;&#x627;&#x62A;&#x64A;&#x631; &#x648; &#x627;&#x644;&#x631;&#x633;&#x648;&#x645; &#x627;&#x644;&#x645;&#x62A;&#x62D;&#x631;&#x643;&#x629; /</subfield>
    <subfield code="c">&#x627;&#x639;&#x62F;&#x627;&#x62F; &#x627;&#x628;&#x631;&#x627;&#x647;&#x64A;&#x645; &#x645;&#x631;&#x632;&#x648;&#x642;</subfield>
  </datafield>
  <datafield tag="250" ind1=" " ind2=" ">
    <subfield code="a">&#x637;1 .</subfield>
  </datafield>
  <datafield tag="260" ind1=" " ind2=" ">
    <subfield code="a">&#x627;&#x644;&#x642;&#x627;&#x647;&#x631;&#x629; :</subfield>
    <subfield code="b">&#x645;&#x643;&#x62A;&#x628;&#x629; &#x627;&#x628;&#x646; &#x633;&#x64A;&#x646;&#x627; &#x644;&#x644;&#x637;&#x628;&#x627;&#x639;&#x629; &#x648;&#x627;&#x644;&#x646;&#x634;&#x631; &#x648;&#x627;&#x644;&#x62A;&#x648;&#x632;&#x64A;&#x639; &#x60C; </subfield>
    <subfield code="c">2009 .</subfield>
  </datafield>
  <datafield tag="300" ind1=" " ind2=" ">
    <subfield code="a">176 &#x635; :</subfield>
    <subfield code="b">&#x627;&#x64A;&#x636; &#x61B;</subfield>
    <subfield code="c">30 &#x633;&#x645; .</subfield>
  </datafield>
  <datafield tag="504" ind1=" " ind2=" ">
    <subfield code="a">&#x628;&#x628;&#x644;&#x64A;&#x648;&#x62C;&#x631;&#x627;&#x641;&#x64A;&#x629; : &#x635;174 - 175</subfield>
  </datafield>
  <datafield tag="650" ind1="0" ind2="4">
    <subfield code="a">&#x627;&#x644;&#x643;&#x627;&#x631;&#x64A;&#x643;&#x627;&#x62A;&#x64A;&#x631;</subfield>
    <subfield code="v">&#x62F;&#x648;&#x627;&#x626;&#x631; &#x645;&#x639;&#x627;&#x631;&#x641;</subfield>
    <subfield code="x">&#x62A;&#x639;&#x644;&#x64A;&#x645; &#x648; &#x62A;&#x62F;&#x631;&#x64A;&#x633; .</subfield>
  </datafield>
  <datafield tag="650" ind1="0" ind2="4">
    <subfield code="a">&#x627;&#x644;&#x631;&#x633;&#x648;&#x645; &#x627;&#x644;&#x645;&#x62A;&#x62D;&#x631;&#x643;&#x629; </subfield>
    <subfield code="x">&#x62A;&#x639;&#x644;&#x64A;&#x645; &#x648;&#x62A;&#x62F;&#x631;&#x64A;&#x633; .</subfield>
  </datafield>
  <datafield tag="942" ind1=" " ind2=" ">
    <subfield code="2">ddc</subfield>
    <subfield code="c">BK</subfield>
  </datafield>
  <datafield tag="952" ind1=" " ind2=" ">
    <subfield code="0">0</subfield>
    <subfield code="1">0</subfield>
    <subfield code="4">0</subfield>
    <subfield code="7">0</subfield>
    <subfield code="a">CAI</subfield>
    <subfield code="b">CAI</subfield>
    <subfield code="d">2016-09-04</subfield>
    <subfield code="l">0</subfield>
    <subfield code="o">741.507\ &#x623; &#x645;</subfield>
    <subfield code="p">162420</subfield>
    <subfield code="r">2016-09-04 00:00:00</subfield>
    <subfield code="w">2016-09-04</subfield>
    <subfield code="y">BK</subfield>
  </datafield>
</record>
